000 00753nam a2200217Ia 4500
001 15341
003 GE_BSU
008 181216s||||||||xx |||||||||||||| ||und||
040 _cGE_BSU
080 _a821.353.1-1
100 _aქობულაშვილი, ნინო
245 _aარ დააბიჯოთ ყვავილებს ფეხი
245 _cრედ.ს.დემურხანაშვილი. მხატვ.თ.მირზაშვილი
260 _aთბილისი
260 _bმერანი
260 _c1969
300 _a110გვ. ; 15სმ.
653 _aარ დააბიჯოთ ყვავილებს ფეხი
653 _aლექსები
942 _cBK
999 _c48449
_d48449